[Event "Titled Tuesday intern op 16th Apr Early"]
[Site "Chess.com INT"]
[Date "2024.04.16"]
[Round "9"]
[White "Skaric, Djuro"]
[Black "Souleidis, Georgios"]
[Result "0-1"]
[WhiteElo "2297"]
[BlackElo "2418"]
[PlyCount "130"]
[EventDate "2024.04.16"]
[EventType "swiss (blitz)"]
[EventRounds "11"]
[EventCountry "USA"]
[SourceTitle "CB17_2024"]
[SourceDate "2024.04.24"]
[SourceVersion "1"]
[SourceVersionDate "2024.04.24"]
[SourceQuality "1"]

1. g3 d5 2. Bg2 Nf6 3. d3 c6 4. h3 e5 5. Nf3 Bd6 6. 0-0 0-0 7. Nc3 Nbd7 8. e4 Re8 9. Nd2 Nb6 10. f4 dxe4 11. dxe4 Qe7 12. f5 Bc5+ 13. Kh2 a5 14. a3 a4 15. Qf3 Rd8 16. g4 Ne8 17. Qg3 f6 18. h4 Nd6 19. g5 Kh8 20. g6 h6 21. Kh1 Ndc4 22. Nxc4 Nxc4 23. Qe1 b5 24. Rf3 Bb7 25. Bf1 Nd6 26. Bd3 Rd7 27. Qg3 Rad8 28. Qg4 Bd4 29. Ne2 Bb6 30. Ng3 Ne8 31. Qh5 Qf8 32. Qg4 Ba6 33. Nf1 Ba7 34. Nh2 c5 35. Be3 c4 36. Be2 Bxe3 37. Rxe3 Qc5 38. Rg3 Rd2 39. Qh5 Bb7 40. Bf3 Rxc2 41. Rag1 Qf8 42. Ng4 Rd7 43. R3g2 Rxg2 44. Rxg2 Kg8 45. Ne3 Qc5 46. Nd5 Bxd5 47. exd5 Nd6 48. Qg4 Re7 49. Re2 Ne8 50. Qe4 Nd6 51. Qc2 Rc7 52. Bg2 Kf8 53. Qc3 Qd4 54. Qb4 Qxh4+ 55. Kg1 Ke7 56. Qa5 Qd4+ 57. Kf1 Qa7 58. Qb4 Qc5 59. Qa5 c3 60. bxc3 Qxc3 61. Qxb5 Nxb5 62. d6+ Nxd6 63. Bd5 Qc1+ 64. Kf2 Qf4+ 65. Ke1 Rc1# 0-1

[Event "Titled Tuesday intern op 16th Apr Early"]
[Site "Chess.com INT"]
[Date "2024.04.16"]
[Round "8"]
[White "Souleidis, Georgios"]
[Black "Melian, Juan Sebastian"]
[Result "1-0"]
[WhiteElo "2418"]
[BlackElo "2162"]
[PlyCount "89"]
[EventDate "2024.04.16"]
[EventType "swiss (blitz)"]
[EventRounds "11"]
[EventCountry "USA"]
[SourceTitle "CB17_2024"]
[SourceDate "2024.04.24"]
[SourceVersion "1"]
[SourceVersionDate "2024.04.24"]
[SourceQuality "1"]

1. e4 c5 2. Be2 e6 3. d3 d5 4. f4 Nc6 5. Nf3 g6 6. 0-0 Bg7 7. c3 Nge7 8. Na3 0-0 9. Nc2 c4 10. e5 cxd3 11. Bxd3 Bd7 12. Ncd4 Nxd4 13. Nxd4 Rc8 14. Be3 a6 15. Qe2 Nc6 16. Nxc6 Bxc6 17. Bd4 Re8 18. a3 Qd7 19. g4 Bb5 20. Bxb5 axb5 21. Rae1 Rc4 22. Qg2 Kh8 23. Kh1 Qe7 24. Qg3 f5 25. gxf5 gxf5 26. Rg1 Rg8 27. Qh3 Qf7 28. Rg2 Bf8 29. Rxg8+ Qxg8 30. Rg1 Qf7 31. Qh4 Be7 32. Qh6 Rc8 33. Rg3 Rg8 34. Kg2 Rxg3+ 35. hxg3 Qg6 36. Qh1 Qg4 37. Qf1 h5 38. Qxb5 Kg7 39. Qe8 Qe2+ 40. Bf2 Bc5 41. Qd7+ Kg8 42. Qc8+ Bf8 43. Qxe6+ Kh8 44. Qxf5 Qxb2 45. Qxf8+ 1-0

[Event "Titled Tuesday intern op 12th Mar Early"]
[Site "Chess.com INT"]
[Date "2024.03.12"]
[Round "10"]
[White "Souleidis, Georgios"]
[Black "Demchenko, Anton"]
[Result "0-1"]
[WhiteElo "2418"]
[BlackElo "2609"]
[PlyCount "74"]
[EventDate "2024.03.12"]
[EventType "swiss (blitz)"]
[EventRounds "11"]
[EventCountry "USA"]
[SourceTitle "CB12_2024"]
[SourceDate "2023.10.01"]
[SourceVersion "1"]
[SourceVersionDate "2023.10.01"]
[SourceQuality "1"]

1. e4 e5 2. Nc3 Nf6 3. d4 exd4 4. Qxd4 Nc6 5. Qd3 Bc5 6. Bf4 0-0 7. 0-0-0 Ng4 8. Nh3 d6 9. Qg3 Kh8 10. Be2 Nge5 11. Be3 Bxe3+ 12. Qxe3 Bxh3 13. Qxh3 Qg5+ 14. Kb1 Ne7 15. g3 N5c6 16. f4 Qc5 17. g4 a5 18. Rhf1 a4 19. Nd5 a3 20. b3 Nb4 21. Nxb4 Qxb4 22. Qd3 Rae8 23. c3 Qa5 24. h4 Ng8 25. g5 f5 26. Bf3 Ne7 27. h5 fxe4 28. Bxe4 d5 29. Bxh7 d4 30. Bg6 Rd8 31. c4 Nc6 32. h6 Qc3 33. hxg7+ Kxg7 34. Qxc3 dxc3 35. f5 Nb4 36. Rxd8 Rxd8 37. Rh1 Rd2 0-1

[Event "Titled Tuesday intern op 12th Mar Early"]
[Site "Chess.com INT"]
[Date "2024.03.12"]
[Round "1"]
[White "Souleidis, Georgios"]
[Black "Mena, Martin"]
[Result "1-0"]
[WhiteElo "2418"]
[BlackElo "1968"]
[PlyCount "127"]
[EventDate "2024.03.12"]
[EventType "swiss (blitz)"]
[EventRounds "11"]
[EventCountry "USA"]
[SourceTitle "CB12_2024"]
[SourceDate "2023.10.01"]
[SourceVersion "1"]
[SourceVersionDate "2023.10.01"]
[SourceQuality "1"]

1. e4 c6 2. Nc3 d5 3. Nf3 Bg4 4. h3 Bxf3 5. Qxf3 e6 6. d4 Nf6 7. a3 dxe4 8. Qe3 Nd5 9. Qxe4 Nxc3 10. bxc3 Nd7 11. Bd3 Nf6 12. Qh4 Be7 13. Qg3 0-0 14. Rb1 b6 15. Bh6 Ne8 16. 0-0 Bf6 17. Bf4 g6 18. Qf3 Qd7 19. Be4 Rc8 20. a4 Bg7 21. a5 b5 22. Be5 Nd6 23. Bd3 Bxe5 24. dxe5 Nb7 25. Ra1 Nc5 26. h4 Qd5 27. Qe3 Nxd3 28. cxd3 c5 29. Rfd1 a6 30. h5 Rfd8 31. Rac1 f5 32. exf6 Qf5 33. hxg6 hxg6 34. Re1 Qxf6 35. Qxe6+ Kg7 36. Qe7+ Qf7 37. Qe5+ Qf6 38. Qg3 Re8 39. Rxe8 Rxe8 40. Qc7+ Qf7 41. Qxc5 Re2 42. Qd4+ Kg8 43. c4 b4 44. c5 b3 45. c6 b2 46. Rb1 Qc7 47. Rxb2 Rxb2 48. Qxb2 Qxc6 49. Qb8+ Kg7 50. Qa7+ Kh6 51. Qe3+ g5 52. Qb6 Qg6 53. d4 Kg7 54. Qxg6+ Kxg6 55. Kf1 Kf5 56. f3 g4 57. fxg4+ Kxg4 58. Ke2 Kg3 59. d5 Kxg2 60. d6 Kg3 61. d7 Kf4 62. d8Q Ke5 63. Qb6 Kd5 64. Kd2 1-0

[Event "Titled Tuesday intern op 06th Feb Late"]
[Site "Chess.com INT"]
[Date "2024.02.06"]
[Round "4"]
[White "Alvarado, Carlos"]
[Black "Souleidis, Georgios"]
[Result "1/2-1/2"]
[WhiteElo "2108"]
[BlackElo "2414"]
[PlyCount "170"]
[EventDate "2024.02.06"]
[EventType "swiss (blitz)"]
[EventRounds "11"]
[EventCountry "USA"]
[SourceTitle "CB07_2024"]
[SourceDate "2024.02.14"]
[SourceVersion "1"]
[SourceVersionDate "2024.02.14"]
[SourceQuality "1"]

1. d4 Nf6 2. Nf3 g6 3. Bg5 Bg7 4. Nbd2 d5 5. c3 0-0 6. e3 Nbd7 7. b4 Re8 8. Be2 e5 9. 0-0 e4 10. Ne1 c6 11. a4 Nf8 12. Nc2 h6 13. Bh4 h5 14. c4 N8h7 15. b5 Be6 16. a5 a6 17. bxc6 bxc6 18. Nb4 Qc8 19. c5 Bg4 20. Bxg4 Nxg4 21. h3 Nh6 22. Bg3 Nf5 23. Bh2 Qd7 24. Qe2 Ng5 25. Rfb1 Nxd4 26. exd4 Bxd4 27. Nb3 Bxa1 28. Rxa1 d4 29. Bd6 d3 30. Qe3 Ne6 31. Nd2 Ng7 32. Qf4 f5 33. Nc4 Qe6 34. Nb6 Qf6 35. Rf1 g5 36. Qc1 Rad8 37. Nxa6 f4 38. Nc7 Rf8 39. Qc4+ Kh8 40. Bxf8 Rxf8 41. Nd7 Qf7 42. Qxf7 Rxf7 43. Ne5 Rxc7 44. a6 d2 45. Ra1 e3 46. fxe3 fxe3 47. Kf1 Ra7 48. Ke2 Ne6 49. Nxc6 Ra8 50. Ne7 Nxc5 51. Ng6+ Kg7 52. Ne5 Rxa6 53. Rxa6 Nxa6 54. Nc4 Nb4 55. Nxe3 Nc6 56. Kxd2 Kg6 57. Ke2 Ne5 58. Kf2 Nf7 59. g3 Nh6 60. Kg2 Nf7 61. Nd5 Ne5 62. Ne3 Kf6 63. Nd5+ Kg7 64. Ne3 Nd3 65. Nf5+ Kg6 66. Ne3 Ne1+ 67. Kf2 Nd3+ 68. Kg2 Nc5 69. Nd5 Ne4 70. Ne3 Nf6 71. Kf3 Kf7 72. g4 h4 73. Nf5 Kg6 74. Kg2 Nd5 75. Nd6 Nf4+ 76. Kh2 Nd3 77. Ne4 Ne5 78. Kg2 Nf7 79. Kh2 Ne5 80. Kg2 Nc4 81. Kh2 Ne3 82. Kg1 Nd5 83. Kh2 Nf6 84. Nd6 Nd7 85. Ne4 Ne5 1/2-1/2

[Event "Titled Tuesday intern op 06th Feb Late"]
[Site "Chess.com INT"]
[Date "2024.02.06"]
[Round "1"]
[White "Rose, Felix"]
[Black "Souleidis, Georgios"]
[Result "0-1"]
[WhiteElo "2091"]
[BlackElo "2414"]
[PlyCount "60"]
[EventDate "2024.02.06"]
[EventType "swiss (blitz)"]
[EventRounds "11"]
[EventCountry "USA"]
[SourceTitle "CB07_2024"]
[SourceDate "2024.02.14"]
[SourceVersion "1"]
[SourceVersionDate "2024.02.14"]
[SourceQuality "1"]

1. e4 c5 2. Nf3 e6 3. d4 cxd4 4. Nxd4 Nf6 5. Nc3 Nc6 6. Ndb5 Bc5 7. Bf4 0-0 8. Bc7 Qe7 9. Bd6 Bxd6 10. Qxd6 Qd8 11. 0-0-0 a6 12. Nd4 Ne7 13. e5 Ne8 14. Qb4 Ng6 15. Nf3 Qc7 16. Qd4 b5 17. h4 Bb7 18. h5 Bxf3 19. hxg6 Bxd1 20. Rxh7 fxg6 21. Rh2 b4 22. Nxd1 Rc8 23. Bd3 Qc5 24. Qh4 Qxe5 25. Qh7+ Kf7 26. Bxg6+ Ke7 27. Qh4+ Qf6 28. Qxb4+ d6 29. Bd3 Qf4+ 30. Kb1 Qxb4 0-1

[Event "Titled Tuesday intern op 06th Feb Late"]
[Site "Chess.com INT"]
[Date "2024.02.06"]
[Round "9"]
[White "Slavin, Alexei"]
[Black "Souleidis, Georgios"]
[Result "1/2-1/2"]
[WhiteElo "2364"]
[BlackElo "2414"]
[PlyCount "169"]
[EventDate "2024.02.06"]
[EventType "swiss (blitz)"]
[EventRounds "11"]
[EventCountry "USA"]
[SourceTitle "CB07_2024"]
[SourceDate "2024.02.14"]
[SourceVersion "1"]
[SourceVersionDate "2024.02.14"]
[SourceQuality "1"]

1. e4 c5 2. g3 d5 3. exd5 Qxd5 4. Qf3 Nf6 5. Nc3 Qd8 6. Bg2 Nc6 7. Qd1 Bg4 8. Nge2 Nd4 9. 0-0 Qd7 10. d3 e6 11. Be3 Nxe2+ 12. Nxe2 Be7 13. Qd2 0-0 14. h3 Bf5 15. g4 Bg6 16. f4 Nd5 17. Bf2 f6 18. Ng3 Rac8 19. b3 Bd6 20. Ne2 Bf7 21. a3 Rfd8 22. Rae1 b6 23. a4 Re8 24. Bg3 Qc7 25. Nc3 Nxc3 26. Qxc3 a6 27. Be4 b5 28. axb5 axb5 29. Qd2 c4 30. bxc4 bxc4 31. Qg2 cxd3 32. Bxd3 e5 33. fxe5 Bxe5 34. Bxe5 Rxe5 35. Rxe5 Qxe5 36. Qe4 Qc5+ 37. Kh2 Qd6+ 38. Kg1 g6 39. Qf3 Kg7 40. h4 Bd5 41. Qf4 Qxf4 42. Rxf4 Ba2 43. Kg2 Bb1 44. Rf2 Rc7 45. Kg3 h6 46. h5 g5 47. Re2 Kf7 48. Kf3 Ba2 49. Bg6+ Kg7 50. Re8 Bd5+ 51. Kf2 Bf7 52. Bxf7 Rxc2+ 53. Kf3 Kxf7 54. Rh8 Rc3+ 55. Kg2 Kg7 56. Rd8 Rc7 57. Kg3 Rf7 58. Rd5 Ra7 59. Rf5 Kf7 60. Rc5 Ra3+ 61. Kg2 Ke6 62. Rc6+ Ke5 63. Rc5+ Kf4 64. Rc4+ Ke3 65. Rb4 Ra6 66. Kg3 Rd6 67. Ra4 Kd3 68. Rb4 Ke3 69. Ra4 Ke2 70. Re4+ Kd3 71. Re8 Kd2 72. Rh8 Rd3+ 73. Kg2 Ke3 74. Rxh6 Kf4 75. Rxf6+ Kxg4 76. h6 Rd2+ 77. Kf1 Rd8 78. h7 Rh8 79. Rh6 Kf5 80. Kg2 g4 81. Kg3 Kg5 82. Rh2 Kg6 83. Rh4 Rxh7 84. Rxh7 Kxh7 85. Kxg4 1/2-1/2

[Event "Titled Tuesday intern op 06th Feb Late"]
[Site "Chess.com INT"]
[Date "2024.02.06"]
[Round "2"]
[White "Souleidis, Georgios"]
[Black "Gallasch, Jonas"]
[Result "0-1"]
[WhiteElo "2414"]
[BlackElo "2283"]
[PlyCount "80"]
[EventDate "2024.02.06"]
[EventType "swiss (blitz)"]
[EventRounds "11"]
[EventCountry "USA"]
[SourceTitle "CB07_2024"]
[SourceDate "2024.02.14"]
[SourceVersion "1"]
[SourceVersionDate "2024.02.14"]
[SourceQuality "1"]

1. e4 c6 2. Nc3 d5 3. Nf3 dxe4 4. Nxe4 Nf6 5. Qe2 Nxe4 6. Qxe4 Be6 7. Be2 Nd7 8. b3 Nf6 9. Qe5 Bd5 10. Bb2 e6 11. 0-0-0 h6 12. c4 Be4 13. d3 Bd6 14. Qc3 Bh7 15. Rhe1 a5 16. a3 0-0 17. c5 Be7 18. Nd2 Qd5 19. Ne4 Bxe4 20. dxe4 Qxc5 21. Qxc5 Bxc5 22. f3 Rfd8 23. Kc2 Ne8 24. a4 Nc7 25. f4 Bb4 26. Rf1 f6 27. g4 Be7 28. h4 Rxd1 29. Rxd1 Rd8 30. Rg1 Bc5 31. Rf1 Kh8 32. Bc3 b6 33. g5 Bd4 34. Bd2 f5 35. gxh6 gxh6 36. exf5 exf5 37. Bd3 Nd5 38. Bxf5 Be3 39. Be1 Bxf4 40. Be4 Ne3+ 0-1

[Event "Titled Tuesday intern op 16th Jan Early"]
[Site "Chess.com INT"]
[Date "2024.01.16"]
[Round "5"]
[White "Souleidis, Georgios"]
[Black "Rustemov, Alexander"]
[Result "1-0"]
[WhiteElo "2414"]
[BlackElo "2525"]
[PlyCount "155"]
[EventDate "2024.01.16"]
[EventType "swiss (blitz)"]
[EventRounds "11"]
[EventCountry "USA"]
[SourceTitle "CB04_2024"]
[SourceDate "2023.10.16"]
[SourceVersion "1"]
[SourceVersionDate "2023.10.16"]
[SourceQuality "1"]

1. e4 e6 2. d4 d5 3. Nc3 Bb4 4. Nge2 dxe4 5. a3 Bxc3+ 6. Nxc3 Nc6 7. d5 exd5 8. Qxd5 Be6 9. Qxe4 Nf6 10. Qa4 Qd4 11. Bb5 Qxa4 12. Bxa4 Bd7 13. Bg5 0-0-0 14. 0-0-0 Ne5 15. Bb3 Bc6 16. f3 h6 17. Bf4 Ng6 18. Bg3 Rxd1+ 19. Rxd1 Rf8 20. Nd5 Nxd5 21. Bxd5 Bxd5 22. Rxd5 c6 23. Rd3 Re8 24. Kd2 Nf8 25. Bf2 b6 26. a4 Rd8 27. Rxd8+ Kxd8 28. Kd3 Ne6 29. Be3 h5 30. g4 hxg4 31. fxg4 Ke7 32. Ke4 Kf6 33. h4 g6 34. b3 Ke7 35. a5 c5 36. axb6 axb6 37. Kd5 Kd7 38. h5 gxh5 39. gxh5 f6 40. h6 Nf8 41. c4 Nh7 42. Bd2 Nf8 43. Bc1 Nh7 44. Bb2 Ke7 45. Kc6 f5 46. Kxb6 Kd6 47. Bc1 Nf6 48. Bf4+ Ke6 49. Kxc5 Ne4+ 50. Kd4 Kf6 51. b4 Nf2 52. b5 Nh3 53. Be5+ Kg6 54. b6 Ng5 55. b7 Ne6+ 56. Kd5 Ng5 57. b8Q Kxh6 58. Qh8+ Kg6 59. Qg7+ Kh5 60. Bf4 Ne4 61. Qh6+ Kg4 62. Be3 Ng3 63. Qf4+ Kh3 64. Bf2 Ne4 65. Qh4+ Kg2 66. c5 Nxf2 67. Qg5+ Ng4 68. c6 Kf3 69. c7 Ne3+ 70. Kd6 f4 71. c8Q Ke4 72. Qh3 Nc4+ 73. Ke7 Ne5 74. Qh1+ f3 75. Qxe5+ Kxe5 76. Qxf3 Kd4 77. Qf6+ Kd5 78. Qe6+ 1-0

[Event "Titled Tuesday intern op 09th Jan Early"]
[Site "Chess.com INT"]
[Date "2024.01.09"]
[Round "11"]
[White "Aukhatov, Roman"]
[Black "Souleidis, Georgios"]
[Result "0-1"]
[WhiteElo "2217"]
[BlackElo "2414"]
[PlyCount "58"]
[EventDate "2024.01.09"]
[EventType "swiss (blitz)"]
[EventRounds "11"]
[EventCountry "USA"]
[SourceTitle "CB03_2024"]
[SourceDate "2024.01.17"]
[SourceVersion "1"]
[SourceVersionDate "2024.01.17"]
[SourceQuality "1"]

1. Nf3 Nf6 2. c4 g6 3. Nc3 Bg7 4. e4 d6 5. d4 0-0 6. Be2 e5 7. 0-0 Bg4 8. dxe5 Bxf3 9. exf6 Bxe2 10. Qxe2 Bxf6 11. Nd5 Bg7 12. f4 Re8 13. f5 c6 14. f6 cxd5 15. fxg7 dxe4 16. b3 Nc6 17. Bb2 f5 18. Rad1 Qe7 19. Qe3 Rad8 20. Rf4 b6 21. Qh3 e3 22. Rh4 e2 23. Re1 Qe3+ 24. Qxe3 Rxe3 25. Kf2 Rde8 26. Rh3 Rxh3 27. gxh3 Nb4 28. Rxe2 Nd3+ 29. Kf3 Rxe2 0-1

[Event "Titled Tuesday intern op 09th Jan Early"]
[Site "Chess.com INT"]
[Date "2024.01.09"]
[Round "7"]
[White "Fernandez Garcia, Gumersindo"]
[Black "Souleidis, Georgios"]
[Result "1-0"]
[WhiteElo "2117"]
[BlackElo "2414"]
[PlyCount "64"]
[EventDate "2024.01.09"]
[EventType "swiss (blitz)"]
[EventRounds "11"]
[EventCountry "USA"]
[SourceTitle "CB03_2024"]
[SourceDate "2024.01.17"]
[SourceVersion "1"]
[SourceVersionDate "2024.01.17"]
[SourceQuality "1"]

1. e4 c5 2. c3 d5 3. exd5 Qxd5 4. d4 Nf6 5. Nf3 e6 6. Be2 Nc6 7. 0-0 Be7 8. Be3 cxd4 9. cxd4 0-0 10. Nc3 Qd8 11. Ne5 Bd7 12. Bf3 Rc8 13. Nxd7 Qxd7 14. d5 exd5 15. Nxd5 Nxd5 16. Qxd5 Qxd5 17. Bxd5 Bf6 18. Rfd1 b6 19. Rab1 Rfd8 20. g3 g6 21. h4 Nb4 22. Bb3 Nd3 23. Rd2 Ne5 24. Rxd8+ Rxd8 25. Kg2 Ng4 26. Bf4 Bd4 27. Rc1 Rd7 28. f3 Ne3+ 29. Kh3 Nf5 30. g4 Ne7 31. Rd1 Nc6 32. Ba4 g5 1-0

[Event "Titled Tuesday intern op 09th Jan Early"]
[Site "Chess.com INT"]
[Date "2024.01.09"]
[Round "5"]
[White "Gavrilov, Maxim"]
[Black "Souleidis, Georgios"]
[Result "0-1"]
[WhiteElo "2186"]
[BlackElo "2414"]
[PlyCount "120"]
[EventDate "2024.01.09"]
[EventType "swiss (blitz)"]
[EventRounds "11"]
[EventCountry "USA"]
[SourceTitle "CB03_2024"]
[SourceDate "2024.01.17"]
[SourceVersion "1"]
[SourceVersionDate "2024.01.17"]
[SourceQuality "1"]

1. d4 Nf6 2. c4 g6 3. Nf3 Bg7 4. g3 0-0 5. Bg2 d6 6. 0-0 Nc6 7. Nc3 e5 8. dxe5 Nxe5 9. Nxe5 dxe5 10. Bg5 Qxd1 11. Rfxd1 c6 12. Bxf6 Bxf6 13. Ne4 Be7 14. Nd6 Rd8 15. c5 Bxd6 16. cxd6 Be6 17. b4 Rd7 18. Rd2 Rad8 19. Rad1 f5 20. e4 fxe4 21. Bxe4 Kg7 22. f3 Bd5 23. b5 Bxe4 24. fxe4 cxb5 25. Rd5 Kf6 26. Rxb5 Ke6 27. Rdd5 Rxd6 28. Rxb7 Rxd5 29. exd5+ Rxd5 30. Rxa7 h5 31. Kg2 Rd2+ 32. Kf3 Rxh2 33. a4 Ra2 34. a5 Kf5 35. Rf7+ Kg5 36. Ra7 Ra3+ 37. Kf2 Kg4 38. a6 Rf3+ 39. Ke2 Rxg3 40. Rg7 g5 41. a7 Ra3 42. Re7 h4 43. Kf2 Ra2+ 44. Kg1 Kg3 45. Kf1 Ra1+ 46. Ke2 h3 47. Rxe5 g4 48. Re3+ Kg2 49. Re4 g3 50. Ra4 Rxa4 51. a8Q+ Rxa8 52. Ke3 Rf8 53. Ke4 Rf3 54. Ke5 h2 55. Ke6 h1Q 56. Ke7 Qe1+ 57. Kd6 Rd3+ 58. Kc7 Qc1+ 59. Kb6 Rb3+ 60. Ka7 Qa3# 0-1

[Event "Titled Tuesday intern op 09th Jan Early"]
[Site "Chess.com INT"]
[Date "2024.01.09"]
[Round "10"]
[White "Souleidis, Georgios"]
[Black "Krishnan, Ritvik"]
[Result "0-1"]
[WhiteElo "2414"]
[BlackElo "2277"]
[PlyCount "96"]
[EventDate "2024.01.09"]
[EventType "swiss (blitz)"]
[EventRounds "11"]
[EventCountry "USA"]
[SourceTitle "CB03_2024"]
[SourceDate "2024.01.17"]
[SourceVersion "1"]
[SourceVersionDate "2024.01.17"]
[SourceQuality "1"]

1. e4 c5 2. Be2 Nc6 3. d3 e6 4. f4 d5 5. Nf3 Nf6 6. e5 Ng8 7. 0-0 Nh6 8. c3 d4 9. Na3 Nf5 10. cxd4 cxd4 11. Bd2 Bc5 12. Rc1 Qe7 13. Nc4 0-0 14. Qe1 b5 15. Na5 Nxa5 16. Bxa5 Bb7 17. Bd2 Rac8 18. Kh1 Rfd8 19. Ng1 Ne3 20. Rf2 Qh4 21. Bf3 Ng4 22. Bxg4 Qxg4 23. Qe2 Qg6 24. Nf3 Bb6 25. Rff1 Qh5 26. Ng1 Qf5 27. h3 Bd5 28. b3 a5 29. Kh2 h5 30. Nf3 a4 31. bxa4 bxa4 32. a3 Bb3 33. Rxc8 Rxc8 34. Rc1 Rc2 35. Rxc2 Bxc2 36. Ne1 Bb3 37. Kg3 Bd5 38. Bb4 Bd8 39. Nf3 Qg6+ 40. Kh2 h4 41. Qf2 Qxd3 42. Nxd4 Qe4 43. Nb3 axb3 44. Bc3 Bb6 45. Qf1 Qc2 46. Bb4 Qxg2+ 47. Qxg2 Bxg2 48. Kxg2 b2 0-1

[Event "Titled Tuesday intern op 19th Dec Early"]
[Site "Chess.com INT"]
[Date "2023.12.19"]
[Round "5"]
[White "Souleidis, Georgios"]
[Black "Marinakis, Hristos"]
[Result "1-0"]
[WhiteElo "2414"]
[BlackElo "2130"]
[PlyCount "85"]
[EventDate "2023.12.19"]
[EventType "swiss (blitz)"]
[EventRounds "11"]
[EventCountry "USA"]
[SourceTitle "CB52_2023"]
[SourceDate "2023.12.27"]
[SourceVersion "1"]
[SourceVersionDate "2023.12.27"]
[SourceQuality "1"]

1. e4 c5 2. Nf3 d6 3. Bc4 Nf6 4. d3 e6 5. 0-0 Be7 6. Bb3 0-0 7. c3 Nc6 8. Re1 e5 9. h3 b5 10. a4 b4 11. d4 cxd4 12. cxd4 Bb7 13. Bg5 h6 14. Bxf6 Bxf6 15. d5 Nd4 16. Nxd4 exd4 17. Nd2 Ba6 18. Bc4 Bb7 19. a5 Rc8 20. Qb3 Ba8 21. Qxb4 d3 22. Qa3 Bd4 23. Qxd3 Bxb2 24. Ra2 Be5 25. Nf3 Qf6 26. Nxe5 Qxe5 27. Rc2 Rc5 28. a6 Rfc8 29. Rec1 g6 30. Bb5 Rxc2 31. Rxc2 Rb8 32. g3 Kg7 33. Kg2 f5 34. Rc7+ Kf6 35. Bc6 fxe4 36. Qe3 Bxc6 37. dxc6 Rb6 38. Qxh6 d5 39. Qh8+ Ke6 40. Re7+ Kxe7 41. Qxe5+ Kd8 42. Qxd5+ Kc7 43. Qd7+ 1-0

[Event "Titled Tuesday intern op 12th Dec Early"]
[Site "Chess.com INT"]
[Date "2023.12.12"]
[Round "2"]
[White "Le, Tuan Minh"]
[Black "Souleidis, Georgios"]
[Result "1-0"]
[WhiteElo "2567"]
[BlackElo "2414"]
[PlyCount "83"]
[EventDate "2023.12.12"]
[EventType "swiss (blitz)"]
[EventRounds "11"]
[EventCountry "USA"]
[SourceTitle "CB51_2023"]
[SourceDate "2023.12.20"]
[SourceVersion "1"]
[SourceVersionDate "2023.12.20"]
[SourceQuality "1"]

1. d4 Nf6 2. c4 g6 3. g3 Bg7 4. Bg2 0-0 5. Nf3 d6 6. 0-0 Nc6 7. d5 Na5 8. Nfd2 c5 9. Nc3 a6 10. Qc2 b5 11. cxb5 axb5 12. Nxb5 Qb6 13. Nc3 Bf5 14. e4 Bc8 15. b3 Ba6 16. Re1 Ng4 17. Bb2 Ne5 18. Na4 Qa7 19. Bc3 Bb5 20. Nb2 Qa6 21. f4 Nd3 22. Bxg7 Nxe1 23. Qc3 Nxg2 24. Bxf8 Rxf8 25. Kxg2 e6 26. dxe6 fxe6 27. Re1 Bc6 28. Kg1 Ba8 29. Qd3 Qc6 30. Qc3 Qb6 31. Nbc4 Nxc4 32. Nxc4 Qc6 33. Nd2 d5 34. Qe5 c4 35. exd5 exd5 36. Qd4 c3 37. Rc1 Rc8 38. Nf3 Qa6 39. Rxc3 Rxc3 40. Qxc3 Qxa2 41. Ng5 Bb7 42. Qe1 1-0

[Event "Titled Tuesday intern op 12th Dec Early"]
[Site "Chess.com INT"]
[Date "2023.12.12"]
[Round "10"]
[White "Souleidis, Georgios"]
[Black "Durucay, Uygar"]
[Result "0-1"]
[WhiteElo "2414"]
[BlackElo "1968"]
[PlyCount "66"]
[EventDate "2023.12.12"]
[EventType "swiss (blitz)"]
[EventRounds "11"]
[EventCountry "USA"]
[SourceTitle "CB51_2023"]
[SourceDate "2023.12.20"]
[SourceVersion "1"]
[SourceVersionDate "2023.12.20"]
[SourceQuality "1"]

1. e4 c6 2. Nc3 d5 3. Nf3 dxe4 4. Nxe4 Nf6 5. Qe2 Nxe4 6. Qxe4 Be6 7. Be2 Nd7 8. 0-0 Nf6 9. Qe3 Bf5 10. c3 e6 11. d4 Bd6 12. Bd3 Bg6 13. Re1 0-0 14. Bxg6 hxg6 15. Ng5 Qc7 16. Qh3 c5 17. Be3 Nh5 18. Rad1 Rad8 19. a3 cxd4 20. Bxd4 Bf4 21. Ne4 b6 22. g3 Be5 23. Be3 Qc6 24. Qg2 Qb5 25. f4 Bb8 26. Qf2 e5 27. f5 Nf6 28. Nxf6+ gxf6 29. Rxd8 Rxd8 30. fxg6 fxg6 31. Qxf6 Qe8 32. Bh6 Rd7 33. Rxe5 Bxe5 0-1

[Event "Titled Tuesday intern op 14th Nov Early"]
[Site "Chess.com INT"]
[Date "2023.11.14"]
[Round "8"]
[White "Korchmar, Vasiliy"]
[Black "Souleidis, Georgios"]
[Result "1-0"]
[WhiteElo "2438"]
[BlackElo "2414"]
[PlyCount "103"]
[EventDate "2023.11.14"]
[EventType "swiss (blitz)"]
[EventRounds "11"]
[EventCountry "USA"]
[SourceTitle "CB47_2023"]
[SourceDate "2023.11.22"]
[SourceVersion "1"]
[SourceVersionDate "2023.11.22"]
[SourceQuality "1"]

1. e4 c5 2. d4 e6 3. d5 exd5 4. exd5 d6 5. Nc3 Nf6 6. Bb5+ Bd7 7. a4 Be7 8. Nf3 0-0 9. h3 Bf5 10. 0-0 h6 11. Re1 a6 12. Bd3 Bxd3 13. Qxd3 Nbd7 14. Bf4 Re8 15. Nd2 Qc7 16. Nc4 Bf8 17. a5 b5 18. axb6 Nxb6 19. Na5 Rxe1+ 20. Rxe1 Nbxd5 21. Nxd5 Nxd5 22. Qxd5 Qxa5 23. Bd2 Qd8 24. Re3 Ra7 25. Rg3 Qf6 26. Bc3 Qe6 27. Qc6 d5 28. Qa4 d4 29. Bd2 g6 30. Qa5 Rd7 31. Rb3 Qd6 32. Rb6 Qc7 33. Qxa6 Qe5 34. Qc8 Qc7 35. Rb8 Qxc8 36. Rxc8 Kg7 37. Bxh6+ Kxh6 38. Rxf8 c4 39. Kf1 d3 40. cxd3 cxd3 41. Ke1 Rb7 42. Rd8 Rb3 43. h4 f5 44. g3 Kh5 45. f3 Kh6 46. g4 fxg4 47. fxg4 Kg7 48. Kd2 Rxb2+ 49. Kxd3 Rh2 50. Rd7+ Kg8 51. Ke4 Rxh4 52. Kf4 1-0

[Event "Titled Tuesday intern op 14th Nov Early"]
[Site "Chess.com INT"]
[Date "2023.11.14"]
[Round "1"]
[White "Rodriguez Santiago, Jaime"]
[Black "Souleidis, Georgios"]
[Result "0-1"]
[WhiteElo "2043"]
[BlackElo "2414"]
[PlyCount "46"]
[EventDate "2023.11.14"]
[EventType "swiss (blitz)"]
[EventRounds "11"]
[EventCountry "USA"]
[SourceTitle "CB47_2023"]
[SourceDate "2023.11.22"]
[SourceVersion "1"]
[SourceVersionDate "2023.11.22"]
[SourceQuality "1"]

1. d4 Nf6 2. c4 g6 3. Nc3 Bg7 4. e4 d6 5. Be2 0-0 6. Bg5 Na6 7. Qd2 e5 8. d5 c6 9. h4 cxd5 10. Nxd5 Be6 11. h5 Bxd5 12. exd5 Nc5 13. f3 a5 14. Nh3 Qb6 15. Nf2 e4 16. Be3 exf3 17. Bxf3 Rfe8 18. 0-0 Nfd7 19. h6 Bh8 20. Bd4 Ne5 21. Ne4 Nxf3+ 22. gxf3 Nxe4 23. Bxb6 Nxd2 0-1

[Event "Titled Tuesday intern op 14th Nov Early"]
[Site "Chess.com INT"]
[Date "2023.11.14"]
[Round "3"]
[White "Souleidis, Georgios"]
[Black "Dwilewicz, Katarzyna"]
[Result "1-0"]
[WhiteElo "2414"]
[BlackElo "2112"]
[PlyCount "63"]
[EventDate "2023.11.14"]
[EventType "swiss (blitz)"]
[EventRounds "11"]
[EventCountry "USA"]
[SourceTitle "CB47_2023"]
[SourceDate "2023.11.22"]
[SourceVersion "1"]
[SourceVersionDate "2023.11.22"]
[SourceQuality "1"]

1. e4 c5 2. Be2 Nc6 3. d3 e6 4. f4 d5 5. Nf3 dxe4 6. dxe4 Qxd1+ 7. Bxd1 Nf6 8. Nc3 Bd7 9. Be3 0-0-0 10. Be2 Be7 11. 0-0-0 b6 12. h3 h5 13. e5 Ne8 14. Ne4 f5 15. Neg5 Rf8 16. Ba6+ Kc7 17. Bc4 Nd4 18. Bxd4 cxd4 19. Bxe6 Bc6 20. Bb3 Bd7 21. Nxd4 Bxg5 22. fxg5 Rc8 23. e6 Bc6 24. e7 Rh8 25. Nxc6 Kxc6 26. Be6 Rb8 27. Bxf5 Nd6 28. Bg6 Kc7 29. Rhe1 h4 30. Rxd6 Kxd6 31. e8Q Rbxe8 32. Rxe8 1-0